Harry Potter Names Quiz - Statistics

General Stats
  • This quiz has been taken 119 times
  • The average score is 44 of 69
Answer Stats
Hints/Clues Answer % Correct
Main character. Bold, brave Harry Potter
98%
Best friend of Harry's (female) Hermione Granger
88%
Harry's father James Potter
85%
Harry's son (2) James Sirius Potter
85%
Headmaster of Hogwarts for 6 years. Albus Dumbledore
84%
Harry's daughter (1) Lily Luna Potter
84%
Harry's mother Lily Potter
84%
Best friend of Harry's (male) Ronald Weasley
83%
Human form/name of main villain. Tom Marvolo Riddle
81%
Weasley Family (Brother 4) Fred Weasley
80%
Weasley Family (Brother 5) George Weasley
79%
Fellow Gryffindor. Bit clumsy Neville Longbottom
79%
Potions Master in years 1,2,3,4 and 5/ Defense Against The Dark Arts Teacher in Year 6 and Headmaster in Year 7 Severus Snape
79%
Father of the Weasleys Arthur Weasley
78%
Weasley Family - Only female sibling of Ronald Weasley Ginny Weasley
78%
Defense Against The Dark Arts Teacher (Year 3) Remus Lupin
78%
Main villain. Dark wizard Voldemort
78%
Weasley Family (Brother 3) Percy Weasley
77%
Weasley Family (Brother 1) Charlie Weasley
75%
Weasley Family (Brother 2) Bill Weasley
74%
Slytherin. Arch enemy of Harry Draco Malfoy
73%
Friend of James Potter. Accused for killing 12 Muggles and sentenced in Azkaban. Sirius Black
73%
Defense Against The Dark Arts Teacher (Year 4) Alastor "Mad-Eye" Moody
70%
A twin of a fellow Gryffindor. In Ravenclaw Padma Patil
70%
Defense Against The Dark Arts Teacher (Year 2) Gilderoy Lockhart
69%
Friend of Draco (2) Gregory Goyle
69%
Mother of the Weasleys Molly Weasley
69%
Defense Against The Dark Arts Teacher (Year 1) Quirinus Quirrell
69%
Defense Against The Dark Arts Teacher/Headmaster (Year 5) Doroles Jane Umbridge
68%
Fellow Gryffindor. Shy. Harry's Yule Ball partner Parvati Patil
68%
Gryffindor's ghost Nearly Headless Nick
67%
Friend of Draco (1) Vincent Crabbe
67%
Charms Teacher Fillius Flitwick
65%
Transfiguration Teacher Minerva McGonagall
65%
Death Eater (5) betrayer friend to James Potter Peter Pettigrew/Scabbers or Wormtail
65%
Potions Teacher (YEARS 6 and 7) Horace Slughorn
64%
Lupin's wife Nymphadora Tonks
63%
Slytherin (female) Pansy Parkinson
63%
Member of the Lovegood family. Father of Luna Lovegood Xenophillius Lovegood
63%
Neville Longbottom's mother Alice Longbottom
62%
Neville Longbottom's father Frank Longbottom
62%
Death Eater (1) Lucius Malfoy
60%
Harry's son (1) Albus Severus Potter
59%
Fellow Gryffindor. Usually comes as a pair. Dean Thomas
59%
Ron's son (1) Hugo Weasley
59%
Ravenclaw (first mentioned in Order Of The Phoenix) Luna Lovegood
59%
Ron's daughter (1) Rose Weasley
59%
Surname; Gryffindor Godric Gryffindor
58%
Surname; Hufflepuff Helga Hufflepuff
58%
Lupin's mother-in-law Andromeda Tonks
57%
Death Eater (2) Bellatrix Lestrange
57%
Surname; Ravenclaw Rowena Ravenclaw
57%
Surname; Slytherin Salazar Slytherin
57%
Lupin's father-in-law Ted Tonks
57%
Lupin's son Ted Tonks
57%
Slytherin's ghost The Bloody Baron
57%
Fellow Gryffindor. Usually comes as a pair. Seamus Finnigan
56%
Neville Longbottom's grandmother Augusta Longbottom
53%
Ravenclaw's ghost The Grey Lady
46%
Voldemort's mother Merope Gaunt
44%
Other fellow Gryffindor (female) Lavender Brown
43%
Voldemort's grandfather Marvolo Gaunt
41%
Harry inadvertently used Parseltoungue to save this person. Hufflepuff Justin Finch-Fletchley
33%
Voldemort's uncle Morphin
33%
Order of The Phoenix - secretary to Muggle Prime Minister Kingsley Shacklebolt
30%
Death Eater (3) Barty Crouch Jr.
22%
Death Eater (4) Dolohov
22%
Order of The Phoenix - reason to why the dementor attack in book 5 happened Mundungus Fletcher
15%
Defense Against The Dark Arts Teacher in Year 7 Carrows
12%
No matching quizzes found
Score Distribution
Percent of People with Each Score
Percentile by Number Answered
Your Score History
You have not taken this quiz